Observatorio científico de las pesquerías artesanales: socioeconomía

שמור ב:
מידע ביבליוגרפי
Main Authors: García del Hoyo, Juan José (Author), Santiago Pereira. José Andrés (Author)
פורמט: ספר
שפה:ספרדית
אנגלית
יצא לאור: Huelva Universidad de Huelva 2007
סדרה:Collectanea, 109
נושאים:
תגים: הוספת תג
אין תגיות, היה/י הראשונ/ה לתייג את הרשומה!

MARC

LEADER 00000nam a2200000 a 4500
001 UCH0050
003 CL-VaPUC
008 090108e20070000SP |||||||||||||||||spa|d
020 |a 9788496826083 
041 0 7 |a spa  |2 CL-VaPUC 
041 0 7 |a eng  |2 CL-VaPUC 
082 0 4 |a 639.2  |b GAR  |2 21 
100 |a García del Hoyo, Juan José  |e author  |9 534140 
700 0 |a Santiago Pereira. José Andrés  |e author  |9 534141 
245 1 0 |a Observatorio científico de las pesquerías artesanales: socioeconomía 
300 |a 379 p 
942 |c BK 
945 |d 20090108 00:00:00  |a rbrito 
260 |a Huelva  |b Universidad de Huelva  |c 2007 
650 0 |a Pesquería  |9 345769 
650 0 |a Desarrollo económico  |9 259599 
650 0 |a Industria pesquera  |9 255432 
650 0 |a Análisis de mercados  |9 414441 
650 0 |a Pesca artesanal   |9 261256 
650 7 |a FLOTA PESQUERA  |2 CL-VaPUC  |9 522695 
583 |a last modification  |c 20121217 10:40:23  |k Rodrigo Vera 
490 0 |a Collectanea, 109 
999 |c 332455  |d 332453 
952 |0 0  |1 0  |4 0  |6 639_200000000000000_GAR_2007  |7 0  |8 CCM  |9 420168  |a BIBCUR  |b BIBCUR  |d 2019-11-22  |i 4511476  |o 639.2 GAR 2007  |p 4511476  |r 2025-04-22  |w 2019-11-22  |y BK  |k CIM